Interior design : (Record no. 190867)
[ view plain ]
| 000 -LEADER | |
|---|---|
| fixed length control field | 00789 a2200181 4500 |
| 003 - CONTROL NUMBER IDENTIFIER | |
| control field | NUST |
| 005 - DATE AND TIME OF LATEST TRANSACTION | |
| control field | 20230120173302.0 |
| 040 ## - CATALOGING SOURCE | |
| Transcribing agency | Nust |
| 082 ## - DEWEY DECIMAL CLASSIFICATION NUMBER | |
| Classification number | 729,WAU |
| 100 ## - MAIN ENTRY--PERSONAL NAME | |
| Personal name | Waugh, Alice |
| 9 (RLIN) | 107283 |
| 245 ## - TITLE STATEMENT | |
| Title | Interior design : |
| Remainder of title | A laboratory manual for house furnishing / |
| Statement of responsibility, etc. | Alice Waugh, |
| 250 ## - EDITION STATEMENT | |
| Edition statement | 5th ed. |
| 260 ## - PUBLICATION, DISTRIBUTION, ETC. | |
| Place of publication, distribution, etc. | USA |
| Name of publisher, distributor, etc. | Burgess Publishing Company |
| Date of publication, distribution, etc. | 967 |
| 300 ## - PHYSICAL DESCRIPTION | |
| Extent | 77 p.; |
| 505 ## - FORMATTED CONTENTS NOTE | |
| Formatted contents note | How to Begin (Page-1), Judging a Room (Page-4), A Room is a Design (Page-6), Using Light and Dark (Page-9), Pattern and Fabrics (Page-14), Arranging Furniture (Page-17), Selecting Furniture (Page-26), Budgeting Time and Money (Page-29), Accessories (Page-33), Color (Page-39), The Historic Styles of Furniture (Page-57). |
| 650 ## - SUBJECT ADDED ENTRY--TOPICAL TERM | |
| Topical term or geographic name entry element | Interior design |
| 9 (RLIN) | 107284 |
| 942 ## - ADDED ENTRY ELEMENTS (KOHA) | |
| Source of classification or shelving scheme | |
| Koha item type | Book |
| Call number prefix | 729,WAU |
| Withdrawn status | Lost status | Source of classification or shelving scheme | Damaged status | Not for loan | Permanent Location | Current Location | Shelving location | Date acquired | Full call number | Barcode | Date last seen | Price effective from | Koha item type | Public note |
|---|---|---|---|---|---|---|---|---|---|---|---|---|---|---|
| Military College of Signals (MCS) | Military College of Signals (MCS) | General Stacks | 12/12/2016 | 729,WAU | MCS20660 | 12/08/2016 | 12/12/2016 | Book | Almirah No.55, Shelf No.6 |
